000 00531nam a2200217Ia 4500
003 OSt
005 20220928140151.0
006 a|||||r|||| 00| 0
007 ta
008 220927b |||||||| |||| 00| 0 eng d
024 _a7139
037 _cTextual
040 _aSDCL
_cSDCL
_beng
041 _2eng
_aeng
082 _aX:74, M1
100 _aLucas Robert E
_9494328
245 0 _aStudies in business-cycle theory
260 _c1981
942 _hX:74, M1
_cTEXL
_2CC
999 _c810235
_d810235